000 01857cam a2200421Ii 4500
999 _c46651
_d46651
001 866620227
003 OCoLC
005 20171120095124.0
008 131221t2014 xxu b 001 0 eng d
020 _a9781451470338
_q (Print)
020 _a1451470339
_q(Print)
020 _z9781451484328
_a(eBook)
040 _aBTCTA
_beng
_erda
_dYDXCP
_dBDX
_dRSC
_dOCLCO
_dNKM
_dCDX
_dVGM
_dWAU
_dVGM
_dMNJ
_dUtOrBLW
_cCO-MdFUSB
041 _aeng
082 _223
_a226.206
_bB493t
100 1 _aBerg, InHee C.,
_eautor
242 _aIronía en la narrativa de Mateo sobre la pasión
245 0 _aIrony in the Matthean passion narrative
_c / InHee C. Berg.
264 1 _aMinneapolis, MN :
_bFortress Press,
_c[2014]
264 4 _c©2014
300 _axiii, 231 páginas :
_c23 cm.
336 _atexto
_2rdacontent.
_btxt
337 _asin mediación
_2rdamedia.
_bn
338 _avolumen
_2rdacarrier.
_bnc
504 _aIncluye bibliografía. Páginas 209-223.
505 2 _aIrony and the Matthean passion narrative -- A general overview of irony -- Conventional ironies -- Irony of the Matthean passion narrative -- Theology of the Matthean passion narrative : the meaning of the death of Jesus through the lens of irony.
505 8 _aIronía en la narrativa de Mateo sobre la pasión -- Una visión general de la Ironía -- Ironías convencionales -- Teología de la narrativa de Mateo sobre la pasión : El significado de la muerte de Jesús a través del lente de la Ironía.
563 _aRústico.
600 0 7 _aJesucristo
_xPasión
630 7 _aBiblia.
_vMateo
_xCrítica, interpretación, etc.
650 0 _aPassion narratives (Gospels)
650 0 _aIrony in the Bible.
650 0 _aIrony
_xReligious aspects.
653 _aIronía en la biblia
653 _aIronía -- Aspectos religiosos
942 _cBK